| 000 | 00983nam a22002417a 4500 | ||
|---|---|---|---|
| 999 |
_c8301 _d8301 |
||
| 001 | 8301 | ||
| 003 | BD-JhCC | ||
| 005 | 20180925173458.0 | ||
| 008 | 180220s1995 a|||| |||| 00| 0 d | ||
| 035 | _a(BD-JhCC)8301 | ||
| 040 |
_aBD-JhCC _dBD-JhCC |
||
| 041 | _aeng | ||
| 082 |
_a540 _bAHM 1995 |
||
| 100 | _aআহমেদ, সায়েনউদ্দিন | ||
| 245 |
_aউচ্চ মাধ্যমিক আধুনিক রসায়ন : _nঅজৈবঃ ভৌত, অধাতু ও ধাতু / _cসায়েনউদ্দিন আহমেদ ও মোঃ আব্দুল ওয়াদুদ |
||
| 260 |
_aঢাকা : _bবাংলাদেশ বুক করপোরেশন লিঃ, _c১৯৯৫. |
||
| 300 |
_a৬৪০ পৃ. : _bill.; _c২৪ সেমি. |
||
| 504 | _aIncludes Illustration | ||
| 650 | _aChemistry | ||
| 700 | _aওয়াদুদ, মোঃ আব্দুল | ||
| 942 |
_2ddc _cBK |
||